Hormonal Regulation of plant growth and Development Vol.2 (Record no. 366944)
[ view plain ]
| 000 -LEADER | |
|---|---|
| fixed length control field | 004230000a22001450004500 |
| 005 - DATE AND TIME OF LATEST TRANSACTION | |
| control field | 20250903143956.0 |
| 082 ## - DEWEY DECIMAL CLASSIFICATION NUMBER | |
| Classification number | 581.192 7 HOR.02 |
| 100 ## - MAIN ENTRY--PERSONAL NAME | |
| Personal name | Purohit, S S |
| 245 ## - TITLE STATEMENT | |
| Title | Hormonal Regulation of plant growth and Development Vol.2 |
| 260 ## - PUBLICATION, DISTRIBUTION, ETC. (IMPRINT) | |
| Place of publication, distribution, etc. | Bikaner, Agro Botanical Publishers ( India ) |
| 260 ## - PUBLICATION, DISTRIBUTION, ETC. (IMPRINT) | |
| Date of publication, distribution, etc. | 1985 |
| 300 ## - PHYSICAL DESCRIPTION | |
| Extent | 234 |
| 650 ## - SUBJECT ADDED ENTRY--TOPICAL TERM | |
| Topical term or geographic name as entry element | Plant growth / Plant Development / Hormone Regulation- Plants / |
| 942 ## - ADDED ENTRY ELEMENTS (KOHA) | |
| Koha item type | Books (General) |
| Withdrawn status | Lost status | Source of classification or shelving scheme | Damaged status | Not for loan | Home library | Current library | Date acquired | Cost, normal purchase price | Total Checkouts | Full call number | Barcode | Date last seen | Price effective from | Koha item type |
|---|---|---|---|---|---|---|---|---|---|---|---|---|---|---|
| Dewey Decimal Classification | College of Agriculture, Vellayani | College of Agriculture, Vellayani | 02/05/2014 | 175.00 | 581.192 7 HOR.02 | KAU_COAV-21036 | 02/05/2014 | 02/05/2014 | Reference Book |
